[Event "World Scholastic team cup"]
[Site "Internet Chess Club"]
[Date "2002.12.06"]
[Round "1"]
[White "Ruiz, Sofia"]
[Black "Hungaski, Robert"]
[Result "0-1"]
[WhiteElo "1400"]
[BlackElo "1400"]
[PlyCount "74"]
[EventDate "2002.??.??"]
[WhiteTeam "Escuela_Cangallo"]
[BlackTeam "Lenguas_Vivas"]

1. e4 e6 2. Qe2 c5 3. Nf3 Nc6 4. g3 Be7 5. Bg2 Qc7 6. Nc3 a6 7. e5 b5 8. d3 Bb7
9. O-O d5 10. exd6 Bxd6 11. Ne4 Be7 12. Bg5 Nf6 13. Nxf6+ gxf6 14. Bd2 O-O-O
15. a4 b4 16. c3 Qd7 17. cxb4 Nxb4 18. Bxb4 cxb4 19. Rac1+ Kb8 20. Rfd1 Qxa4
21. Ra1 Qb5 22. Qc2 Rd7 23. Qc4 Qxc4 24. dxc4 Rhd8 25. Rxd7 Rxd7 26. Rc1 Bc5
27. Ne1 Bxg2 28. Kxg2 Rd2 29. Kh1 Bxf2 30. Nf3 Rxb2 31. Ng1 Bxg1 32. Kxg1 Kc7
33. c5 Kc6 34. Kf1 Rxh2 35. Kg1 Rb2 36. Kf1 a5 37. Ke1 a4 {
White forfeits on time} 0-1

[Event "World Scholastic team cup"]
[Site "Internet Chess Club"]
[Date "2002.12.06"]
[Round "1"]
[White "Inzerilli, Carla"]
[Black "Suez, Emanuel"]
[Result "1-0"]
[WhiteElo "1400"]
[BlackElo "1400"]
[PlyCount "79"]
[EventDate "2002.??.??"]
[WhiteTeam "Lenguas_Vivas"]
[BlackTeam "Escuela_Cangallo"]

1. e4 c5 2. Nf3 d6 3. d4 Nd7 4. Nc3 e6 5. Be3 g6 6. Bb5 a6 7. Bd3 Qc7 8. O-O
Bg7 9. Re1 Ngf6 10. Qe2 O-O 11. dxc5 Nxc5 12. Rad1 Rd8 13. Bg5 b5 14. a3 Bb7
15. h4 Rd7 16. Nd2 Re8 17. Qf3 Nxd3 18. cxd3 Nh5 19. Rc1 Qa5 20. Nb3 Qb6 21.
Be3 Qd8 22. Qd1 d5 23. Bg5 Bf6 24. Bxf6 Qxf6 25. Nc5 Rde7 26. Nxb7 Rxb7 27.
exd5 Qxh4 28. Qf3 Rbe7 29. d6 Rd7 30. Ne4 f5 31. Ng3 Rxd6 32. Rc7 Qg4 33. Nxh5
Qxf3 34. Nf6+ Kf8 35. Nxh7+ Kg8 36. gxf3 Rdd8 37. Nf6+ Kf8 38. Nxe8 Rxe8 39.
Kg2 Rd8 40. Rh1 {Black forfeits on time} 1-0

[Event "World Scholastic team cup"]
[Site "Internet Chess Club"]
[Date "2002.12.06"]
[Round "1"]
[White "Gil Leiva, Nicolas"]
[Black "Kingstone, Ignacio"]
[Result "1-0"]
[WhiteElo "1400"]
[BlackElo "1400"]
[PlyCount "57"]
[EventDate "2002.??.??"]
[WhiteTeam "Escuela_Cangallo"]
[BlackTeam "Lenguas_Vivas"]

1. e4 e5 2. Nf3 Nc6 3. d4 d6 4. d5 Nb4 5. Bd2 Bg4 6. Be2 Bxf3 7. Bxf3 Na6 8.
Nc3 Nf6 9. Qe2 c6 10. dxc6 bxc6 11. Qxa6 Be7 12. Qxc6+ Nd7 13. Bg4 Rc8 14. Qb5
O-O 15. O-O-O Nf6 16. Bxc8 Qxc8 17. Nd5 Nxd5 18. exd5 a6 19. Qc6 Qg4 20. g3 Qf3
21. Qc3 Qxd5 22. Bg5 Qxa2 23. Bxe7 Qa1+ 24. Kd2 Qa2 25. Bxf8 Qd5+ 26. Kc1 Qe6
27. Rxd6 Kxf8 28. Rxe6 fxe6 29. Qxe5 {Game adjourned when Black disconnected}
1-0

[Event "World Scholastic team cup"]
[Site "Internet Chess Club"]
[Date "2002.12.06"]
[Round "1"]
[White "Cavalli, Facundo"]
[Black "Zeng, Hui Hui"]
[Result "1-0"]
[WhiteElo "1400"]
[BlackElo "1275"]
[PlyCount "41"]
[EventDate "2002.??.??"]
[WhiteTeam "Lenguas_Vivas"]
[BlackTeam "Escuela_Cangallo"]

1. d4 d5 2. c4 Nf6 3. Nf3 c6 4. Bg5 e6 5. e3 Be7 6. Nc3 h6 7. Bf4 O-O 8. cxd5
cxd5 9. Bd3 Nc6 10. Rc1 Bd7 11. O-O Rc8 12. a3 g5 13. Bg3 Be8 14. Ne5 Bd6 15.
f4 g4 16. f5 Qc7 17. Nxg4 Bxg3 18. Nxf6+ Kg7 19. Nh5+ Kg8 20. Qg4+ Kh8 21. Qg7#
{Black checkmated} 1-0

[Event "World Scholastic team cup"]
[Site "Internet Chess Club"]
[Date "2002.12.06"]
[Round "1"]
[White "Ponce Frey, Juan Ignacio"]
[Black "Gong, Qianyun"]
[Result "0-1"]
[WhiteElo "1400"]
[BlackElo "1400"]
[PlyCount "90"]
[EventDate "2002.??.??"]
[WhiteTeam "Instituto_Cardoso"]
[BlackTeam "Jinan"]

1. e4 e6 2. d4 d5 3. exd5 exd5 4. g3 Nf6 5. Bg2 Be7 6. Nf3 O-O 7. O-O Nc6 8.
Bf4 Ne4 9. c3 Be6 10. Nbd2 Nd6 11. Ne5 Nxe5 12. Bxe5 Qd7 13. Re1 c6 14. a4 Rae8
15. b4 Bh3 16. Nb3 Bxg2 17. Kxg2 Ne4 18. Qc2 Ng5 19. Qd3 Qh3+ 20. Kg1 Qh5 21.
Nd2 f5 22. h4 Ne4 23. Nf3 f4 24. Bxf4 Rxf4 25. gxf4 Qg4+ 26. Kf1 Qh3+ 27. Kg1
Bxh4 28. Ra2 Re6 29. Ne5 Rg6+ 30. Nxg6 Bxf2+ 31. Rxf2 Qxd3 32. Ne7+ Kf7 33. Rg2
Kxe7 34. Rxg7+ Kf6 35. Rg2 Qxc3 36. Ree2 Qxd4+ 37. Kh2 Qxb4 38. Rb2 Qe7 39. Rb1
Ke6 40. f5+ Kxf5 41. Rf1+ Ke5 42. Kg1 Qc5+ 43. Kh1 Qe3 44. Kh2 h5 45. Rg5+ Qxg5
{White forfeits on time} 0-1

[Event "World Scholastic team cup"]
[Site "Internet Chess Club"]
[Date "2002.12.06"]
[Round "1"]
[White "Li, Shilong"]
[Black "Martinez Ponce, Gustavo"]
[Result "1-0"]
[WhiteElo "1400"]
[BlackElo "1400"]
[PlyCount "125"]
[EventDate "2002.??.??"]
[WhiteTeam "Jinan"]
[BlackTeam "Instituto_Cardoso"]

1. e4 e6 2. d4 d5 3. e5 c5 4. c3 Nc6 5. Be3 cxd4 6. cxd4 Bb4+ 7. Nc3 Qa5 8. Qd2
Bd7 9. Nf3 Nge7 10. Bd3 Rc8 11. O-O Bxc3 12. bxc3 Ng6 13. h4 h5 14. Rab1 Qc7
15. Qc2 Nce7 16. Rfc1 a6 17. Bg5 b5 18. Qd2 Qa5 19. Rb3 Kf8 20. Qb2 Nf5 21. Ra3
Qb6 22. Qb4+ Kg8 23. Ra5 Nge7 24. Bxe7 Nxe7 25. Qxe7 Qxa5 26. Qxd7 Qc7 27. Qxc7
Rxc7 28. Nd2 b4 29. c4 dxc4 30. Rxc4 Rxc4 31. Nxc4 g6 32. f4 Kg7 33. Kf2 a5 34.
Nb6 Rb8 35. Nd7 Ra8 36. Ke3 a4 37. Nc5 Ra5 38. Kd2 b3 39. a3 Ra8 40. Kc3 f6 41.
Bb5 fxe5 42. fxe5 Kf7 43. Bxa4 b2 44. Kxb2 Rb8+ 45. Bb3 g5 46. hxg5 Kg6 47.
Nxe6 Kf5 48. Kc3 h4 49. Bc4 Kg4 50. g6 Kg3 51. Bd5 Rg8 52. g7 Kf2 53. a4 Rc8+
54. Nc5 Kg3 55. g8=Q+ Rxg8 56. Bxg8 Kxg2 57. Bd5+ Kg3 58. e6 Kf4 59. e7 Kf5 60.
e8=Q Kf6 61. Qf7+ Kg5 62. Ne4+ Kg4 63. Be6# {Black checkmated} 1-0

[Event "World Scholastic team cup"]
[Site "Internet Chess Club"]
[Date "2002.12.06"]
[Round "1"]
[White "Soaje, Franco"]
[Black "Yu, Shaoteng"]
[Result "0-1"]
[WhiteElo "1400"]
[BlackElo "1400"]
[PlyCount "54"]
[EventDate "2002.??.??"]
[WhiteTeam "Instituto_Cardoso"]
[BlackTeam "Jinan"]

1. e4 e6 2. Nf3 d5 3. exd5 exd5 4. Bb5+ c6 5. Bd3 Nf6 6. Qe2+ Be7 7. O-O O-O 8.
Ng5 h6 9. Nf3 Bg4 10. h3 Bh5 11. Bf5 Nbd7 12. d4 Re8 13. Bf4 Bd6 14. Bxd6 Rxe2
15. Nh4 Ne4 16. Nc3 Nxc3 17. bxc3 Qxh4 18. Bxd7 Rd8 19. Be7 Qxe7 20. Bf5 Bg6
21. Bxg6 fxg6 22. a4 Rf8 23. a5 Qh4 24. g3 Qxh3 25. c4 Rfxf2 26. Rxf2 Qxg3+ 27.
Kf1 Qxf2# {White checkmated} 0-1

[Event "World Scholastic team cup"]
[Site "Internet Chess Club"]
[Date "2002.12.06"]
[Round "1"]
[White "Xu, Tong"]
[Black "Krimer, Nicolas Ivan"]
[Result "1-0"]
[WhiteElo "1400"]
[BlackElo "1070"]
[PlyCount "101"]
[EventDate "2002.??.??"]
[WhiteTeam "Jinan"]
[BlackTeam "Instituto_Cardoso"]

1. d4 d5 2. c4 dxc4 3. Nf3 Bf5 4. e3 Nc6 5. Bxc4 e5 6. Bb5 exd4 7. Bxc6+ bxc6
8. Nxd4 Bxb1 9. Rxb1 Bb4+ 10. Bd2 Bxd2+ 11. Qxd2 Nf6 12. O-O c5 13. Nb3 Qxd2
14. Nxd2 O-O 15. Nc4 Ne4 16. Rfd1 Rfd8 17. f3 Rxd1+ 18. Rxd1 Nd6 19. Nxd6 cxd6
20. Rxd6 h6 21. Kf2 c4 22. Rc6 f6 23. Rxc4 g5 24. Rc6 Kg7 25. Ke2 Rb8 26. b3
Rb7 27. Kd3 Kf7 28. e4 Rd7+ 29. Kc3 a5 30. a3 Ra7 31. Rc5 a4 32. b4 Kg6 33. g4
h5 34. h3 hxg4 35. hxg4 Kh6 36. Rf5 Rc7+ 37. Rc5 Rxc5+ 38. bxc5 Kg7 39. Kd4 Kf7
40. Kd5 Ke7 41. c6 Kd8 42. Kd6 Kc8 43. c7 f5 44. exf5 Kb7 45. Kd7 Ka8 46. c8=Q+
Ka7 47. f6 Kb6 48. f7 Kb5 49. f8=Q Kb6 50. Qb4+ Ka7 51. Qcb7# {Black checkmated
} 1-0

[Event "World Scholastic team cup"]
[Site "Internet Chess Club"]
[Date "2002.12.06"]
[Round "2"]
[White "Kuang, Yinghui"]
[Black "Jimenez, Alonso"]
[Result "1-0"]
[WhiteElo "1400"]
[BlackElo "1400"]
[PlyCount "59"]
[EventDate "2002.??.??"]
[WhiteTeam "Jinan"]
[BlackTeam "Franco_Costarricence"]

1. e4 c5 2. Nc3 Nc6 3. g3 g6 4. Bg2 Bg7 5. d3 d6 6. Be3 e5 7. Qd2 Rb8 8. h4 h5
9. Nd5 f6 10. f4 Nge7 11. Ne2 O-O 12. O-O Nd4 13. c3 Nxe2+ 14. Qxe2 b5 15.
Nxe7+ Qxe7 16. f5 Qf7 17. Bf3 a5 18. Kh1 Kh7 19. Kh2 Bh6 20. fxg6+ Qxg6 21.
Bxh5 Qg7 22. Bxh6 Kxh6 23. Bf3 Rg8 24. Rg1 f5 25. exf5 Bxf5 26. g4 Bd7 27. g5+
Kh7 28. Be4+ Kh8 29. Qh5+ Qh6 30. Qxh6# {Black checkmated} 1-0

[Event "World Scholastic team cup"]
[Site "Internet Chess Club"]
[Date "2002.12.06"]
[Round "2"]
[White "Muñoz, Jose Pablo"]
[Black "Li, Shilong"]
[Result "0-1"]
[WhiteElo "1400"]
[BlackElo "1400"]
[PlyCount "66"]
[EventDate "2002.??.??"]
[WhiteTeam "Franco_Costarricence"]
[BlackTeam "Jinan"]

1. e4 c5 2. Nc3 d6 3. g3 Nc6 4. Bg2 g6 5. d3 Bg7 6. f4 Nf6 7. Nf3 O-O 8. O-O
Bg4 9. h3 Bxf3 10. Qxf3 Rb8 11. g4 b5 12. a3 a5 13. Be3 Nd4 14. Qf2 Nd7 15. f5
b4 16. axb4 axb4 17. Nd5 Nc6 18. Rab1 Nf6 19. Nxf6+ Bxf6 20. g5 Be5 21. f6 Re8
22. Qh4 exf6 23. gxf6 Re6 24. Bg5 Ra8 25. Bf3 Bxf6 26. Bxf6 Rxf6 27. Qg3 Nd4
28. c3 Rxf3 29. Qe1 Qg5+ 30. Kh2 Qh5 31. cxd4 Qxh3+ 32. Kg1 Qg4+ 33. Kh2 Rh3# {
White checkmated} 0-1

[Event "World Scholastic team cup"]
[Site "Internet Chess Club"]
[Date "2002.12.06"]
[Round "2"]
[White "Hong, Jiarong"]
[Black "Jimenez, Ruben"]
[Result "0-1"]
[WhiteElo "1400"]
[BlackElo "1400"]
[PlyCount "172"]
[EventDate "2002.??.??"]
[WhiteTeam "Jinan"]
[BlackTeam "Franco_Costarricence"]

1. e4 c5 2. Nf3 Nc6 3. d4 cxd4 4. Nxd4 g6 5. c4 Bg7 6. Be3 Nf6 7. Nc3 O-O 8.
Be2 d6 9. O-O Bd7 10. Qd2 Nxd4 11. Bxd4 a5 12. Rac1 Bc6 13. Bd3 Nd7 14. Bxg7
Kxg7 15. f4 Nc5 16. Bb1 Qb6 17. Kh1 Qc7 18. f5 Qd8 19. Qf2 Rc8 20. Rcd1 Qc7 21.
f6+ Kg8 22. b3 exf6 23. Qxf6 Qd8 24. Qxd6 Qxd6 25. Rxd6 Rce8 26. Nd5 Re6 27.
Rxe6 Nxe6 28. Ne7+ Kg7 29. Nxc6 bxc6 30. e5 Rd8 31. Be4 Rd2 32. Bxc6 Rxa2 33.
Be8 Rb2 34. g3 Ng5 35. Ba4 Re2 36. c5 Rxe5 37. c6 Rc5 38. Rf4 Ne6 39. Rc4 Rxc4
40. bxc4 Nc7 41. Kg2 Kf6 42. Kf3 Ke5 43. Ke3 f5 44. Kd3 h6 45. Bd1 g5 46. Kc3
f4 47. gxf4+ gxf4 48. Bf3 Kf5 49. Kb3 Kg5 50. Ka4 Kh4 51. Kxa5 Kh3 52. Kb6 Ne6
53. c7 Nxc7 54. Kxc7 Kxh2 55. Kd6 Kg3 56. Be2 f3 57. Bd3 h5 58. c5 h4 59. c6 h3
60. c7 h2 61. c8=Q h1=Q 62. Qg8+ Kf2 63. Qg5 Qh2+ 64. Kd5 Qg3 65. Qd2+ Kg1 66.
Qe3+ Qf2 67. Qg5+ Qg2 68. Qc1+ Kh2 69. Qf4+ Qg3 70. Qh6+ Kg1 71. Ke4 f2 72.
Qc1+ Kh2 73. Be2 Qg2+ 74. Kd3 Qg3+ 75. Ke4 Qg2+ 76. Kd3 Qh3+ 77. Qe3 Qd7+ 78.
Ke4 Qe6+ 79. Kf3 Qf5+ 80. Qf4+ Qxf4+ 81. Kxf4 Kg2 82. Ke4 Kg1 83. Ke3 Kg2 84.
Bd3 Kg3 85. Ke2 Kg2 86. Ke3 Kg3 {White forfeits on time} 0-1

[Event "World Scholastic team cup"]
[Site "Internet Chess Club"]
[Date "2002.12.06"]
[Round "2"]
[White "Vives, David"]
[Black "Xu, Tong"]
[Result "1-0"]
[WhiteElo "1400"]
[BlackElo "1400"]
[PlyCount "123"]
[EventDate "2002.??.??"]
[WhiteTeam "Franco_Costarricence"]
[BlackTeam "Jinan"]

1. e4 e5 2. Nf3 Nc6 3. d4 exd4 4. Nxd4 Nf6 5. Nxc6 dxc6 6. Qxd8+ Kxd8 7. Nc3
Bb4 8. Bg5 Bxc3+ 9. bxc3 Ke7 10. e5 h6 11. exf6+ gxf6 12. Bf4 Bf5 13. Bd3 Be6
14. O-O Rad8 15. Bxc7 Rd7 16. Bg3 h5 17. Bh4 c5 18. Rfe1 c4 19. Bxc4 Rc7 20.
Bxe6 fxe6 21. Rab1 Rhc8 22. h3 b6 23. Bg3 Rxc3 24. Re2 e5 25. Rb3 Rxc2 26. Rxc2
Rxc2 27. Ra3 Rc7 28. Re3 Rc1+ 29. Kh2 Kd6 30. f4 exf4 31. Bxf4+ Kd5 32. Rd3+
Ke4 33. Bxc1 Kxd3 34. Kg3 Ke4 35. Kh4 Kf5 36. Kxh5 a5 37. g4+ Ke6 38. Kg6 b5
39. h4 Ke7 40. Kg7 b4 41. h5 a4 42. h6 b3 43. axb3 axb3 44. h7 f5 45. gxf5 b2
46. Bxb2 Kd6 47. h8=Q Kd5 48. Qd8+ Ke4 49. Qd4+ Kxf5 50. Qf6+ Ke4 51. Kg6 Kd5
52. Qe7 Kc4 53. Qd6 Kb3 54. Qc5 Kxb2 55. Qc4 Kb1 56. Qc3 Ka2 57. Qb4 Ka1 58.
Kf5 Ka2 59. Ke4 Ka1 60. Kd3 Ka2 61. Kc2 Ka1 62. Qb2# {Black checkmated} 1-0

[Event "World Scholastic team cup"]
[Site "Internet Chess Club"]
[Date "2002.12.06"]
[Round "2"]
[White "Ruiz, Sofia"]
[Black "Ponce Frey, Juan Ignacio"]
[Result "0-1"]
[WhiteElo "1400"]
[BlackElo "1092"]
[PlyCount "68"]
[EventDate "2002.??.??"]
[WhiteTeam "Escuela_Cangallo"]
[BlackTeam "Instituto_Cardoso"]

1. e4 e5 2. Nf3 Nc6 3. Bc4 Bc5 4. d3 h6 5. Nc3 d6 6. O-O Bg4 7. Be3 Bb6 8. Nd5
Nf6 9. c3 O-O 10. a4 Bh5 11. b4 a6 12. Qe2 Re8 13. Rad1 Ba7 14. b5 axb5 15.
axb5 Ne7 16. Nxf6+ gxf6 17. Bxh6 Bb6 18. d4 exd4 19. cxd4 f5 20. Qe3 Ng6 21.
Rde1 Rxe4 22. Qb3 Bxf3 23. Qxf3 Rxd4 24. Qc3 Qh4 25. Be3 Rxc4 26. Qxc4 Qxc4 27.
Bxb6 cxb6 28. Rc1 Qg4 29. Rcd1 Nh4 30. g3 f4 31. f3 Qg5 32. Rf2 fxg3 33. hxg3
Qxg3+ 34. Rg2 Qxg2# {White checkmated} 0-1

[Event "World Scholastic team cup"]
[Site "Internet Chess Club"]
[Date "2002.12.06"]
[Round "2"]
[White "Martinez Ponce, Gustavo"]
[Black "Suez, Emanuel"]
[Result "1-0"]
[WhiteElo "1400"]
[BlackElo "1400"]
[PlyCount "63"]
[EventDate "2002.??.??"]
[WhiteTeam "Instituto_Cardoso"]
[BlackTeam "Escuela_Cangallo"]

1. d4 e6 2. Nf3 d6 3. c4 Nf6 4. Nc3 Nbd7 5. e4 c5 6. Be2 cxd4 7. Nxd4 e5 8.
Ndb5 Nc5 9. Bg5 Be7 10. Bxf6 Bxf6 11. Nxd6+ Ke7 12. Nd5+ Kxd6 13. Nxf6+ Ke7 14.
Nd5+ Ke6 15. Bg4+ Kd6 16. Nb6+ Kc6 17. Nxa8 Bxg4 18. Qxg4 Qxa8 19. O-O Ne6 20.
b4 b5 21. cxb5+ Kxb5 22. a4+ Kb6 23. Rfc1 a5 24. Qe2 Rc8 25. Qb5+ Ka7 26. Qxa5+
Kb7 27. Qd5+ Ka7 28. Qxe5 Rxc1+ 29. Rxc1 Qb7 30. b5 Nc7 31. Rxc7 Qxc7 32. Qxc7+
{Black resigns} 1-0

[Event "World Scholastic team cup"]
[Site "Internet Chess Club"]
[Date "2002.12.06"]
[Round "2"]
[White "Gil Leiva, Nicolas"]
[Black "Soaje, Franco"]
[Result "0-1"]
[WhiteElo "1072"]
[BlackElo "1400"]
[PlyCount "84"]
[EventDate "2002.??.??"]
[WhiteTeam "Escuela_Cangallo"]
[BlackTeam "Instituto_Cardoso"]

1. e4 e5 2. Nf3 Nf6 3. Nc3 Bb4 4. d4 Nxe4 5. dxe5 Nxc3 6. Bd2 Nxd1 7. Rxd1
Bxd2+ 8. Rxd2 Nc6 9. Be2 O-O 10. O-O d6 11. exd6 cxd6 12. b3 Qe7 13. c4 Bg4 14.
a3 Bxf3 15. Bxf3 Ne5 16. Be2 f5 17. b4 f4 18. f3 Rf6 19. c5 dxc5 20. bxc5 Rg6
21. Bd1 Qh4 22. Bb3+ Kh8 23. Bd5 Rd8 24. Rfd1 Nxf3+ 25. Kf1 Nxd2+ 26. Rxd2 f3
27. gxf3 Rxd5 28. Rxd5 Qc4+ 29. Kf2 Qxd5 30. Ke3 Qxc5+ 31. Ke4 Qxa3 32. Ke5 b5
33. Kd5 b4 34. Kc5 b3+ 35. Kc4 b2 36. f4 b1=Q 37. f5 Qac1+ 38. Kd4 Rd6+ 39. Ke5
Qc5+ 40. Kf4 Qbxf5+ 41. Kg3 Qe3+ 42. Kh4 Rd4# {White checkmated} 0-1

[Event "World Scholastic team cup"]
[Site "Internet Chess Club"]
[Date "2002.12.06"]
[Round "2"]
[White "Krimer, Nicolas Ivan"]
[Black "Giongrande, Alejandro"]
[Result "0-1"]
[WhiteElo "1039"]
[BlackElo "955"]
[PlyCount "38"]
[EventDate "2002.??.??"]
[WhiteTeam "Instituto_Cardoso"]
[BlackTeam "Escuela_Cangallo"]

1. e4 e5 2. Nf3 d6 3. Bc4 Nf6 4. Ng5 Be6 5. Nxe6 fxe6 6. Bxe6 Qe7 7. Bd5 c6 8.
Bc4 d5 9. exd5 cxd5 10. Bb5+ Nbd7 11. Bxd7+ Qxd7 12. d4 exd4 13. Qxd4 Qe6+ 14.
Be3 b6 15. Kf1 Bc5 16. Qa4+ Kd8 17. Bxc5 Re8 18. Nc3 d4 19. Bxd4 Rc8 {
Game adjourned when White got disconnected} 0-1

[Event "World Scholastic team cup"]
[Site "Internet Chess Club"]
[Date "2002.12.06"]
[Round "3"]
[White "Ponce Frey, Juan Ignacio"]
[Black "Hungaski, Robert"]
[Result "0-1"]
[WhiteElo "1092"]
[BlackElo "1400"]
[PlyCount "84"]
[EventDate "2002.??.??"]
[WhiteTeam "Instituto_Cardoso"]
[BlackTeam "Lenguas_Vivas"]

1. e4 e6 2. e5 d5 3. d4 c5 4. c3 Nc6 5. Nf3 Qb6 6. a3 c4 7. Be2 Bd7 8. O-O
O-O-O 9. Nbd2 Na5 10. Rb1 Kb8 11. Qc2 Qc7 12. Bd1 Rc8 13. h3 Be7 14. Re1 h5 15.
Nf1 Nh6 16. Qe2 Rcg8 17. Bd2 g5 18. N3h2 Nf5 19. b3 cxb3 20. Bxb3 Nxb3 21. Rxb3
Ba4 22. Rb4 Bxb4 23. cxb4 Nxd4 24. Qd3 Qc4 25. Qxc4 dxc4 26. Be3 Nc2 27. Rc1
Nxe3 28. Nxe3 b5 29. Nf3 g4 30. Nd4 Kb7 31. Kh2 Rd8 32. Ndc2 Rd3 33. Ne1 Rxa3
34. g3 gxh3 35. Kxh3 h4 36. gxh4 Rb3 37. Nf3 Rxb4 38. Ng5 c3 39. Nf3 c2 40.
Rxc2 Bxc2 41. Nxc2 Rf4 42. Ne3 Rxf3+ {White forfeits on time} 0-1

[Event "World Scholastic team cup"]
[Site "Internet Chess Club"]
[Date "2002.12.06"]
[Round "3"]
[White "Inzerilli, Carla"]
[Black "Martinez Ponce, Gustavo"]
[Result "0-1"]
[WhiteElo "1400"]
[BlackElo "1400"]
[PlyCount "116"]
[EventDate "2002.??.??"]
[WhiteTeam "Lenguas_Vivas"]
[BlackTeam "Instituto_Cardoso"]

1. d4 e6 2. c4 Nf6 3. Nf3 Bb4+ 4. Bd2 Qe7 5. Nc3 b6 6. a3 Bxc3 7. bxc3 Bb7 8.
e3 O-O 9. Be2 Ne4 10. O-O f5 11. Qc2 d6 12. Ne1 Nd7 13. f3 Nxd2 14. Qxd2 e5 15.
Nd3 exd4 16. exd4 Rae8 17. Rfe1 Qe3+ 18. Qxe3 Rxe3 19. Kf2 Re7 20. Nf4 Nf6 21.
Bd3 Rxe1 22. Rxe1 g6 23. Ne6 Rc8 24. d5 h6 25. Nf4 Kf7 26. a4 Nd7 27. Re6 Ne5
28. Ke2 Rg8 29. h4 Bc8 30. h5 g5 31. Rxh6 gxf4 32. Rh7+ Rg7 33. Rxg7+ Kxg7 34.
Bc2 Nxc4 35. Kd3 Ne3 36. g3 Nxc2 37. gxf4 Ne1+ 38. Ke2 Ng2 39. Kf2 Nxf4 40. Ke3
Nxd5+ 41. Kd4 Nf4 42. Ke3 Ne6 43. f4 Bd7 44. Kf3 Bxa4 45. c4 Bb3 46. Ke3 Bxc4
47. h6+ Kxh6 48. Kd2 a5 49. Kc3 b5 50. Kb2 b4 51. Ka1 a4 52. Kb2 Nc5 53. Ka1 a3
54. Kb1 b3 55. Ka1 b2+ 56. Kb1 Bd3+ 57. Ka2 b1=Q+ 58. Kxa3 Qb3# {
White checkmated} 0-1

[Event "World Scholastic team cup"]
[Site "Internet Chess Club"]
[Date "2002.12.06"]
[Round "3"]
[White "Soaje, Franco"]
[Black "Kingstone, Ignacio"]
[Result "1-0"]
[WhiteElo "1400"]
[BlackElo "1400"]
[PlyCount "21"]
[EventDate "2002.??.??"]
[WhiteTeam "Instituto_Cardoso"]
[BlackTeam "Lenguas_Vivas"]

1. e4 e5 2. Nf3 Nc6 3. Bb5 d6 4. d4 f6 5. d5 Bg4 6. dxc6 Bxf3 7. cxb7+ Kf7 8.
Qd5+ Kg6 9. bxa8=Q Qe7 10. Be8+ Qf7 11. Qxf7# {Black checkmated} 1-0

[Event "World Scholastic team cup"]
[Site "Internet Chess Club"]
[Date "2002.12.06"]
[Round "3"]
[White "Ruiz, Sebastian"]
[Black "Ruiz, Sofia"]
[Result "0-1"]
[WhiteElo "1400"]
[BlackElo "1400"]
[PlyCount "48"]
[EventDate "2002.??.??"]
[WhiteTeam "Franco_Costarricence"]
[BlackTeam "Escuela_Cangallo"]

1. e4 e5 2. Nf3 Nc6 3. d4 exd4 4. Nxd4 Qf6 5. Be3 Bc5 6. c3 Nge7 7. Bc4 O-O 8.
O-O d6 9. Nxc6 Nxc6 10. Bxc5 dxc5 11. Qe2 Ne5 12. Bb3 Qg6 13. Nd2 Bh3 14. f4
Nc6 15. Kh1 Be6 16. Qb5 Bxb3 17. axb3 Rab8 18. Qxc5 Qe6 19. Qd5 Qh6 20. e5 Rbd8
21. Qe4 Rxd2 22. Rf3 Qh5 23. Raf1 Qg6 24. f5 Qxg2# {White checkmated} 0-1

[Event "World Scholastic team cup"]
[Site "Internet Chess Club"]
[Date "2002.12.06"]
[Round "3"]
[White "Suez, Emanuel"]
[Black "Jimenez, Ruben"]
[Result "0-1"]
[WhiteElo "1400"]
[BlackElo "1400"]
[PlyCount "70"]
[EventDate "2002.??.??"]
[WhiteTeam "Escuela_Cangallo"]
[BlackTeam "Franco_Costarricence"]

1. e4 c5 2. d4 cxd4 3. Qxd4 Nc6 4. Qd1 g6 5. Nc3 Bg7 6. Nge2 Nf6 7. g3 O-O 8.
Bg2 d6 9. O-O Bd7 10. Nd5 Rc8 11. Nxf6+ Bxf6 12. Nc3 Bg7 13. Qe2 Nd4 14. Qd3
Nc6 15. Be3 b6 16. a3 Ne5 17. Qe2 Nc4 18. Rab1 Nxb2 19. Rxb2 Rxc3 20. Qa6 Rxe3
21. fxe3 Bxb2 22. Qxa7 Be5 23. Qb7 Qc8 24. Qxb6 Qxc2 25. Qa7 Qc6 26. Rb1 Ra8
27. Qb7 Rxa3 28. Qb8+ Kg7 29. Qb2 Bxb2 30. Rxb2 Qc1+ 31. Kf2 Qxb2+ 32. Kf3 Qc3
33. Bf1 Qxe3+ 34. Kg2 Qf3+ 35. Kg1 Ra1 {White resigns} 0-1

[Event "World Scholastic team cup"]
[Site "Internet Chess Club"]
[Date "2002.12.06"]
[Round "3"]
[White "Vives, David"]
[Black "Gil Leiva, Nicolas"]
[Result "1-0"]
[WhiteElo "1400"]
[BlackElo "1072"]
[PlyCount "51"]
[EventDate "2002.??.??"]
[WhiteTeam "Franco_Costarricence"]
[BlackTeam "Escuela_Cangallo"]

1. e4 e5 2. Nf3 d6 3. Nc3 Nf6 4. d4 exd4 5. Nxd4 Be7 6. Be3 Nc6 7. f3 d5 8. Qd2
dxe4 9. fxe4 O-O 10. O-O-O b6 11. Nxc6 Qxd2+ 12. Rxd2 Bb7 13. Nxe7+ Kh8 14. Bd3
Rfe8 15. Nf5 Rac8 16. Rhd1 g6 17. Ng3 Ng4 18. Bd4+ Kg8 19. h3 Rcd8 20. hxg4
Rxd4 21. Bb5 Rxd2 22. Rxd2 Rf8 23. Nd5 c6 24. Ne7+ Kg7 25. Bxc6 Bxc6 26. Nxc6 {
Black resigns} 1-0

[Event "World Scholastic team cup"]
[Site "Internet Chess Club"]
[Date "2002.12.06"]
[Round "3"]
[White "Giongrande, Alejandro"]
[Black "Centeno, Oscar"]
[Result "0-1"]
[WhiteElo "955"]
[BlackElo "1400"]
[PlyCount "60"]
[EventDate "2002.??.??"]
[WhiteTeam "Escuela_Cangallo"]
[BlackTeam "Franco_Costarricence"]

1. e4 c5 2. d4 cxd4 3. Qxd4 Nc6 4. Qc3 d6 5. Qe3 g6 6. Qc3 f6 7. Bb5 Bd7 8.
Bxc6 Bxc6 9. Nf3 Bxe4 10. Qb3 Bxf3 11. Qxf3 Qc7 12. Qb3 O-O-O 13. Qh3+ Kb8 14.
Nc3 Bg7 15. a4 f5 16. a5 Bxc3+ 17. bxc3 Nf6 18. Rb1 Ne4 19. Bd2 Nxd2 20. Kxd2
Qxa5 21. Ra1 Qc7 22. Qe3 b6 23. Rhe1 e5 24. g3 e4 25. g4 d5 26. gxf5 gxf5 27.
Qg5 Rc8 28. Qxf5 Qxc3+ 29. Ke2 Qc4+ 30. Kd1 Qxc2# {White checkmated} 0-1

[Event "World Scholastic team cup"]
[Site "Internet Chess Club"]
[Date "2002.12.07"]
[Round "4"]
[White "Hungaski, Robert"]
[Black "Kuang, Yinghui"]
[Result "1-0"]
[WhiteElo "1400"]
[BlackElo "1400"]
[PlyCount "75"]
[EventDate "2002.??.??"]
[WhiteTeam "Lenguas_Vivas"]
[BlackTeam "Jinan"]

1. e4 c5 2. Nf3 Nc6 3. d4 cxd4 4. Nxd4 Nf6 5. Nc3 e5 6. Ndb5 d6 7. Bg5 a6 8.
Na3 b5 9. Bxf6 gxf6 10. Nd5 f5 11. Bxb5 axb5 12. Nxb5 Ra4 13. Nbc7+ Kd7 14. b4
Rxb4 15. O-O Rxe4 16. Qh5 Ne7 17. Qxf7 Kc6 18. Rab1 Qxc7 19. Nxc7 Kxc7 20. Rfd1
Rg8 21. Rd3 Reg4 22. g3 Bd7 23. Qb3 Nc8 24. Qb8+ Kd8 25. Rb7 Rc4 26. Rxd7+ Kxd7
27. Qb5+ Rc6 28. Rc3 Ne7 29. Qb7+ Ke6 30. Rxc6 Nxc6 31. Qxc6 Be7 32. a4 Rb8 33.
a5 Rb1+ 34. Kg2 Ra1 35. a6 f4 36. Qb7 Ra3 37. a7 f3+ 38. Kh3 {Black resigns}
1-0